| 000 | 00933nam a22002897a 4500 | ||
|---|---|---|---|
| 001 | 7787 | ||
| 003 | FISKH | ||
| 005 | 20250806143135.0 | ||
| 008 | 250806b cb ||||| |||| 00| 0 eng d | ||
| 020 | _a9781618103062 | ||
| 040 |
_aFISKH _beng _cFISKH _dFISKH |
||
| 050 | _aG8371 L | ||
| 082 | _a823 | ||
| 100 | _aGreve, Meg | ||
| 245 |
_aLet's get pizza / _cBy Meg Greve : Illustrated by Helen Poole |
||
| 260 |
_aFlorida : _bRourke Educational Media , _c2013. |
||
| 300 |
_a24 pages : _bcolor illustrations ; _c21 X21 cm . |
||
| 490 | _aLittle Birdie Books | ||
| 505 | _aE | ||
| 520 | _aWhen Dan and Dad go out for pizza they learn that just because it smells so good doesn't mean you should eat too much. It's much better if you share. | ||
| 521 | 8 |
_a260
_bLexile |
|
| 521 | 8 |
_aE
_bRaz-Plus |
|
| 650 |
_aChildren _vFiction |
||
| 700 |
_aPoole, Helen _eIllustrator |
||
| 942 |
_2ddc _cBK _n0 |
||
| 999 |
_c7787 _d7787 |
||